[Event "Calimanesti (Women)"]
[Site "Calimanesti"]
[Date "1992.??.??"]
[Round "?"]
[White "Koen, Maja"]
[Black "Muresan, Margareta"]
[Result "1-0"]
[WhiteElo "2225"]
[BlackElo "2210"]

1.d4 d5 2.c4 dxc4 3.Nf3 Nf6 4.e3 e6 5.Bxc4 c5 6.O-O a6 7.a4 Nc6 8.Qe2 Qc7
9.Nc3 Bd6 10.dxc5 Bxc5 11.Bd2 O-O 12.Rac1 Bd7 13.Bd3 Rac8 14.Ne4 Be7 15.Nfg5 Nxe4
16.Nxe4 f5 17.Nc5 Bxc5 18.Rxc5 Qd6 19.Rc4 e5 20.Rcc1 e4 21.Bc4+ Be6 22.Rfd1 Rfe8
23.Bc3 Bxc4 24.Qxc4+ Qe6 25.Qxe6+ Rxe6 26.Rd7 Re7 27.Rcd1 Rc7 28.Rxc7 Rxc7
29.f3 exf3 30.gxf3 Kf7 31.Kf2 Ke6 32.h4 b5 33.axb5 axb5 34.Ke2 b4 35.Be1 b3
36.Bc3 g6 37.Ra1 Kd5 38.Kd3 Kc5 39.Bd4+ Kb4 40.Bc3+ Kb5 41.Ra3 Rd7+ 42.Ke2 Kc4
43.Ra4+ Kc5 44.Ra3 Rb7 45.Ra8 Kd5 46.Rf8 Ke6 47.Rf6+ Kd5 48.h5 Ne7 49.Rf7 Rc7
50.Kd3 Rd7 51.Rxh7 gxh5 52.Rxh5 Kc6+ 53.Kc4 Nd5 54.Rh6+ Kb7 55.Bd4 f4 56.exf4 Nxf4
57.Rb6+ Kc7 58.Ra6 Kd8 59.Ra8+ Ke7 60.Ra7 Rxa7 61.Bxa7 Ke6 62.Kxb3 Kd5 63.Bb8 Ne2
64.f4 Nd4+ 65.Kc3 Nc6 66.Be5 Nxe5 67.fxe5 Kxe5 68.Kc4 Kd6 69.Kb5 Kc7 70.Ka6 Kc8
71.Kb6 Kb8 72.b3 Kc8 73.b4 Kb8 74.b5 Ka8 75.Kc7  1-0

[Event "Candas op"]
[Site "Candas"]
[Date "1992.??.??"]
[Round "9"]
[White "Morales, Julian"]
[Black "Antunes, Antonio"]
[Result "0-1"]
[WhiteElo "2245"]
[BlackElo "2465"]

1.Nf3 d5 2.d4 Nf6 3.e3 e6 4.c4 dxc4 5.Bxc4 c5 6.O-O a6 7.dxc5 Qxd1 8.Rxd1 Bxc5
9.a3 O-O 10.b4 Be7 11.Bb2 Nbd7 12.Nd4 Nb6 13.Bb3 Bd7 14.Nc3 Rfc8 15.Rac1 Kf8
16.Nce2 Ba4 17.Rxc8+ Rxc8 18.Rc1 Rxc1+ 19.Bxc1 Bxb3 20.Nxb3 Nc4 21.Nc3 Ke8
22.Kf1 Kd7 23.Ke2 Ne8 24.Na4 b6 25.Kd3 Ned6 26.f4 f5 27.Nd2 Nxd2 28.Bxd2 Kc6
29.Bc3 Nb5 30.Bb2 g6 31.Nc3 Nxc3 32.Bxc3 Kb5 33.Kc2 Kc4 34.Bd4 b5 35.g3 g5
36.Bb6 g4 37.Bd4 h5 38.Bb6 Bf6 39.Bc5 h4 40.Bb6  0-1

[Event "Cannes Martinez op"]
[Site "Cannes"]
[Date "1992.??.??"]
[Round "?"]
[White "Panchenko, Alexandar G"]
[Black "Lazarev, Vladimir"]
[Result "1/2-1/2"]
[WhiteElo "2490"]
[BlackElo "2430"]

1.Nf3 d5 2.d4 Nf6 3.c4 dxc4 4.e3 e6 5.Bxc4 c5 6.Nc3 a6 7.a4 Nc6 8.O-O Be7
9.Qe2 cxd4 10.Rd1 O-O 11.exd4 Nd5 12.Bd3 Ncb4 13.Be4 b6 14.Bd2 Bb7 15.Rac1 Qd6
16.Ng5 g6 17.Nf3 Bf6 18.Bh6 Rfd8 19.h4 Rac8 20.Ng5 Qe7 21.g3 Rc7 22.Bg2 Rdc8
23.Nge4 Bg7 24.Bxg7 Kxg7 25.a5 Nxc3 26.bxc3 bxa5 27.Nc5 Bxg2 28.Kxg2 Nd5
29.Qxa6 Rb8 30.Qe2 Rb6 31.Rd2 e5 32.Na4 Rbc6 33.Qxe5+ Qxe5 34.dxe5 Nb6 35.Nxb6 Rxb6
36.Rd5 Rbc6 37.Rxa5 Rxc3 38.Rxc3 Rxc3 39.Ra7 Rc6 40.g4 Rb6 41.Kg3 Kg8 42.f3 Rb5
43.Ra8+ Kg7 44.Re8 Rb6 45.Re7 Kf8 46.Rd7 Kg8 47.Kf4 Rb4+ 48.Ke3 Rb1 49.f4 Re1+
50.Kf2 Re4 51.Kf3 Re1 52.h5 gxh5 53.gxh5 h6 54.Kg4 Kg7 55.Kf5 Re2 56.Rd1 Ra2
57.Rd7 Ra6 58.Ke4 Ra4+ 59.Rd4 Ra1 60.f5 Re1+ 61.Kd5 f6 62.e6 Kf8 63.Kd6 Ke8
64.Rd5 Ra1 65.Rb5 Rd1+ 66.Kc5 Rc1+ 67.Kd4 Rd1+ 68.Ke4 Re1+ 69.Kf3 Rf1+ 70.Kg2 Rf4
71.Kg3 Rf1 72.Kg4 Rg1+ 73.Kf3 Rf1+ 74.Ke3 Ke7 75.Ra5 Ke8 76.Rc5 Ke7 77.Rd5 Ke8
78.Kd4 Rd1+ 79.Kc5 Rc1+ 80.Kd6 Ra1 81.Rd3 Re1 82.Rd2 Ra1 83.Rd3 Re1 84.e7 Rxe7
85.Rc3 Re1 86.Rc8+ Kf7 87.Rc7+ Kf8 88.Rh7 Re5 89.Rxh6 Rxf5 90.Ke6 Ra5  1/2-1/2

[Event "Cappelle op"]
[Site "Cappelle la Grande"]
[Date "1992.??.??"]
[Round "3"]
[White "Hodgson, Julian M"]
[Black "Bus, Mariusz"]
[Result "1-0"]
[WhiteElo "2545"]
[BlackElo "2390"]

1.d4 d5 2.c4 dxc4 3.e3 Nf6 4.Bxc4 e6 5.Nf3 c5 6.O-O a6 7.a4 Nc6 8.Nc3 Qc7
9.d5 exd5 10.Nxd5 Nxd5 11.Qxd5 Na5 12.Ba2 Be6 13.Qe4 Qc6 14.Qxc6+ Nxc6 15.Bxe6 fxe6
16.Ng5 e5 17.Bd2 Be7 18.Ne4 O-O-O 19.Rfc1 a5 20.Kf1 Rd5 21.Ke2 Rhd8 22.Bc3 b6
23.b3 Kc7 24.g4 Kd7 25.Rd1 Ke6 26.Rxd5 Rxd5 27.Ra2 Nd8 28.Nd2 Nf7 29.Nc4 Bd8
30.f4 exf4 31.exf4 g6 32.Ra1 Rd7 33.Re1 Bh4 34.Rf1 Bf6 35.Rf3 Bxc3 36.Rxc3 Rb7
37.Rd3 Rb8 38.Re3+ Kd7 39.Rh3 h6 40.Rd3+ Ke7 41.Kf3 Ke6 42.Re3+ Kd7 43.Ke4 Nd6+
44.Kd5 Nxc4 45.bxc4 Rf8 46.Rf3 h5 47.h3 hxg4 48.hxg4 Rh8 49.Ke5 Ke7 50.Rb3 Rb8
51.Rh3 Kf7 52.Rh7+ Kg8 53.Re7  1-0

[Event "Cattolica op"]
[Site "Cattolica"]
[Date "1992.??.??"]
[Round "6"]
[White "Sydor, Andrzej"]
[Black "Korneev, Oleg"]
[Result "1/2-1/2"]
[WhiteElo "2355"]
[BlackElo "2465"]

1.d4 Nf6 2.Nf3 d5 3.c4 dxc4 4.e3 e6 5.Bxc4 c5 6.O-O a6 7.dxc5 Bxc5 8.a3 b5
9.Ba2 Bb7 10.b4 Bd6 11.Bb2 Qe7 12.Qe2 O-O 13.Rd1 Nbd7 14.Nbd2 Rac8 15.Rac1 Nb6
16.Ne5 Na4 17.Bd4 Nd5 18.Ne4 Rxc1 19.Rxc1 Nxb4 20.Bb1 Bxe4 21.Bxe4 Nd5 22.Rc6 Nf6
23.Bc2 Bc5 24.Rxc5 Nxc5 25.Nc6 Qd6 26.Bxf6 gxf6 27.Bxh7+ Kxh7 28.Qh5+  1/2-1/2

[Event "JUG-chT"]
[Site "Cetinje"]
[Date "1992.??.??"]
[Round "?"]
[White "Maric, Alisa"]
[Black "Demina, Julia"]
[Result "1/2-1/2"]
[WhiteElo "2390"]
[BlackElo "2385"]

1.d4 d5 2.c4 e6 3.Nf3 c6 4.e3 Nf6 5.Bd3 dxc4 6.Bxc4 c5 7.O-O a6 8.Bd3 Nc6
9.Nc3 cxd4 10.exd4 Nb4 11.Bb1 Be7 12.Bg5 Nfd5 13.Bxe7 Nxe7 14.Qa4+ Nbc6 15.Rd1 O-O
16.Qc2 g6 17.a3 Qc7 18.Ba2 Bd7 19.Ne4 Kg7 20.Rac1 Rad8 21.Qd2 Bc8 22.Qg5 f6
23.Qe3 Nd5 24.Qe1 Rfe8 25.Qf1 Qb6 26.b4 Nce7 27.Nc5 Bd7 28.Qe1 Kf7 29.Nd2 Qa7
30.Qe4  1/2-1/2

[Event "JUG-chT"]
[Site "Cetinje"]
[Date "1992.??.??"]
[Round "?"]
[White "Maksimovic, Suzana"]
[Black "Stepovaia Dianchenko, Tatiana"]
[Result "0-1"]
[WhiteElo "2230"]
[BlackElo "2350"]

1.d4 d5 2.c4 e6 3.Nf3 c6 4.e3 Nf6 5.Bd3 dxc4 6.Bxc4 c5 7.O-O Nc6 8.Qe2 cxd4
9.Rd1 Bd7 10.exd4 Be7 11.a3 O-O 12.Nc3 a6 13.Ne5 Re8 14.Bg5 Nd5 15.Ne4 Nxe5
16.Bxe7 Qxe7 17.dxe5 Bc6 18.Qg4 f5 19.exf6 Nxf6 20.Nxf6+ Qxf6 21.Rd2 Kh8
22.Rad1 e5 23.Qh5 Rf8 24.Bd3 e4 25.Bc4 Rae8 26.Qe2 Qh4 27.Rd4 Re5 28.Qe3 h6
29.Qg3 Qxg3 30.hxg3 g5 31.Rd6 Kg7 32.R1d2 e3 33.fxe3 Rxe3 34.Bxa6 Rf6 35.Rxf6 Kxf6
36.Bc4 Rxg3 37.Rd6+ Ke5 38.Rd2 h5 39.Bf1 h4 40.Kf2 Rg4 41.Re2+ Re4 42.Rc2 Kf4
43.Rc3 Rd4 44.Rc2 g4 45.b3 Re4 46.Be2 g3+ 47.Kg1 Rd4 48.Rc4 Ke3 49.Rxd4 Kxd4
50.a4 Kc5 51.Bd3 Kb4 52.Bc2 Bd5 53.Bf5 b6  0-1

[Event "Chicago Masters"]
[Site "Chicago"]
[Date "1992.??.??"]
[Round "?"]
[White "Basin, Leonid"]
[Black "Chow, Albert"]
[Result "1-0"]
[WhiteElo "2430"]
[BlackElo "2295"]

1.d4 Nf6 2.Nf3 d5 3.c4 dxc4 4.e3 e6 5.Bxc4 c5 6.O-O a6 7.Qe2 b5 8.Bd3 Nc6
9.dxc5 Bxc5 10.a3 O-O 11.b4 Be7 12.Bb2 Bb7 13.Nbd2 Qb6 14.Nb3 Rfd8 15.Rfd1 Nd7
16.Rac1 Rac8 17.Nc5 Nxc5 18.bxc5 Qc7 19.Bb1 Rxd1+ 20.Qxd1 Na5 21.Ne5 Bf6
22.f4 Nc6 23.Nd3 Bxb2 24.Nxb2 Rd8 25.Qc2 g6 26.Nd3 Na5 27.Ne5 f6 28.Ng4 Kg7
29.Qc3 Rf8 30.Rd1 Nc4 31.Rd4 h5 32.Qd3  1-0

[Event "EU-chT (Men)"]
[Site "Debrecen"]
[Date "1992.??.??"]
[Round "8"]
[White "Tisdall, Jonathan D"]
[Black "Zhuravliov, Valerij"]
[Result "1/2-1/2"]
[WhiteElo "2455"]
[BlackElo "2485"]

1.d4 d5 2.c4 dxc4 3.e3 e6 4.Bxc4 Nf6 5.Nf3 c5 6.O-O Nc6 7.Qe2 cxd4 8.Rd1 Be7
9.exd4 O-O 10.Nc3 Nb4 11.Ne5 a6 12.a3 Nbd5 13.Ne4 Nxe4 14.Qxe4 Bd7 15.Bd3 f5
16.Qe2 Rc8 17.Bc4 Bf6 18.Bd2 Bxe5 19.dxe5 Bc6 20.a4 Qd7 21.b3 Rfe8 22.Rac1 b5
23.axb5 Bxb5 24.Qf3 Qb7 25.Bxd5 Qxd5 26.Qxd5  1/2-1/2

[Event "Dortmund op-A"]
[Site "Dortmund"]
[Date "1992.??.??"]
[Round "5"]
[White "Piskov, Yury"]
[Black "Krallmann, Matthias"]
[Result "1-0"]
[WhiteElo "2500"]
[BlackElo "2270"]

1.d4 d5 2.c4 dxc4 3.e3 Nf6 4.Bxc4 e6 5.Nf3 c5 6.O-O a6 7.a3 b5 8.Ba2 Bb7
9.Nc3 Nbd7 10.Qe2 Qb6 11.Rd1 Rc8 12.d5 Nxd5 13.Nxd5 Bxd5 14.Bxd5 exd5 15.Rxd5 Qb7
16.e4 Be7 17.Bg5 Nb6 18.Re1 f6 19.Bf4 O-O 20.Rh5 Nc4 21.Qc2 g6 22.Rd5 Kg7
23.h4 Rfd8 24.h5 Bd6 25.Bxd6 Rxd6 26.Rxd6 Nxd6 27.hxg6 hxg6 28.e5 fxe5 29.Nxe5 Nf5
30.Nxg6  1-0

[Event "Dortmund op-A"]
[Site "Dortmund"]
[Date "1992.??.??"]
[Round "6"]
[White "Bykhovsky, Avigdor"]
[Black "Mikhalchishin, Adrian"]
[Result "1/2-1/2"]
[WhiteElo "2475"]
[BlackElo "2530"]

1.d4 d5 2.c4 dxc4 3.e3 e6 4.Bxc4 Nf6 5.Nf3 c5 6.O-O a6 7.a4 Nc6 8.Qe2 Qc7
9.Rd1 Be7 10.Nc3 O-O 11.dxc5 Bxc5 12.Bd2 b6 13.h3 Bb7 14.Rac1 Rfd8 15.Ba2 Rac8
16.Bb1 Ne5 17.Ne1 Qe7 18.Nd3  1/2-1/2

[Event "Dortmund op-A"]
[Site "Dortmund"]
[Date "1992.??.??"]
[Round "8"]
[White "Stohl, Igor"]
[Black "Mikhalchishin, Adrian"]
[Result "1/2-1/2"]
[WhiteElo "2560"]
[BlackElo "2530"]

1.d4 d5 2.Nf3 Nf6 3.c4 dxc4 4.e3 e6 5.Bxc4 c5 6.Qe2 a6 7.dxc5 Bxc5 8.O-O Nc6
9.e4 Qc7 10.e5 Ng4 11.Bf4 f6 12.Nbd2 Ngxe5 13.Nxe5 fxe5 14.Bg3 O-O 15.Nf3 Nd4
16.Nxd4 Bxd4 17.Rac1 Qa5 18.Rce1 Qc5 19.Bd3 Bd7 20.Bxe5 Bxe5 21.Qxe5 Qxe5
22.Rxe5 Rac8 23.Be4 Bc6 24.Rxe6 Bxe4 25.Rxe4 Rc2 26.Rb4 b5 27.a4 bxa4 28.Rxa4 Rxb2
29.Rxa6 h5 30.Ra5 g6 31.f3 Re8 32.Rc1 Kf7 33.Ra6 Re6 34.Ra5 Kf6 35.h4 Rb4  1/2-1/2

[Event "Espoo op"]
[Site "Espoo"]
[Date "1992.??.??"]
[Round "?"]
[White "Lindstedt, Johan"]
[Black "Zhuravliov, Valerij"]
[Result "1/2-1/2"]
[WhiteElo "2330"]
[BlackElo "2485"]

1.d4 d5 2.c4 dxc4 3.Nf3 Nf6 4.e3 c5 5.Bxc4 e6 6.O-O Nc6 7.dxc5 Qxd1 8.Rxd1 Bxc5
9.a3 a6 10.b4 Be7 11.Bb2 b5 12.Be2 Bb7 13.Nbd2 O-O 14.Nb3 Rfd8 15.Nfd4 Nxd4
16.Bxd4 Nd7 17.Na5 Bd5 18.f3 f5 19.Rac1 Rac8 20.Kf2 Kf7 21.Bb2 Nb6 22.Rxc8 Rxc8
23.Rc1 Rxc1 24.Bxc1 Bf6 25.Bd3 Na4 26.Ke2 Nc3+ 27.Kd2 Na2 28.Kc2 Nxc1 29.Kxc1 Bg5
30.Kd2 Ke7 31.Bc2 Kd6 32.Nb3 g6 33.Nc5 a5 34.f4 Be7 35.e4 fxe4 36.Nxe4+ Kc6
37.Kc3 h6 38.g3 g5 39.fxg5 hxg5 40.Bd3 Kb6 41.bxa5+ Kxa5 42.Kb2 Bc6 43.Nc3 Kb6
44.Ne4 Bd7 45.Kb3 Kc6 46.h4 gxh4 47.gxh4 Bxh4 48.a4 bxa4+ 49.Kxa4 Kd5+ 50.Kb3 Kd4
51.Kc2 Bc6 52.Nc3 Be1 53.Ne2+ Ke3 54.Nc3 Bf3 55.Bg6 Kd4 56.Nb5+ Ke3 57.Nc3 e5
58.Bd3 Bg2 59.Bf5 Bc6 60.Bd3 Bf3 61.Bg6 Kd4 62.Nb5+ Kc4 63.Bd3+ Kb4 64.Nd6 Kc5
65.Ne4+ Kd4 66.Nd6 Kd5 67.Nb5 Kc5 68.Nc3 Bc6 69.Be4 Bd7 70.Kd3 Bc8 71.Nd1 Bh4
72.Ke3 Bg5+ 73.Kf3 Kd4 74.Nf2 Bd7 75.Nd3 Ba4 76.Bg6 e4+ 77.Bxe4 Bd1+ 78.Kg3  1/2-1/2

[Event "Oberliga Nord N9192"]
[Site "Germany"]
[Date "1992.??.??"]
[Round "?"]
[White "Nogly, Christoph"]
[Black "Hegeler, Frank"]
[Result "1-0"]
[WhiteElo "2255"]
[BlackElo "2220"]

1.d4 d5 2.c4 dxc4 3.Nf3 Nf6 4.e3 e6 5.Bxc4 c5 6.Qe2 a6 7.dxc5 Bxc5 8.O-O Nc6
9.e4 Qc7 10.e5 Ng4 11.Bf4 f6 12.Nbd2 Ngxe5 13.Nxe5 Nxe5 14.Rac1 Qb6 15.Bxe5 fxe5
16.Ne4 Be7 17.Qh5+ g6 18.Qxe5 O-O 19.Bb3 Bd7 20.Qc7 Qb5 21.Rcd1 Bc6 22.Qxe7  1-0

[Event "Oberliga Nord N9192"]
[Site "Germany"]
[Date "1992.??.??"]
[Round "?"]
[White "Chuchelov, Vladimir"]
[Black "Putzbach, Gerd"]
[Result "1-0"]
[WhiteElo "2490"]
[BlackElo "2265"]

1.d4 d5 2.c4 dxc4 3.e3 Nf6 4.Nf3 e6 5.Bxc4 c5 6.Qe2 a6 7.dxc5 Bxc5 8.O-O b5
9.Bd3 Nbd7 10.e4 Bb7 11.Nbd2 Qc7 12.a3 Ng4 13.b4 Bd6 14.h3 Nge5 15.Bb2 Rd8
16.Rac1 Qb8 17.Bb1 O-O 18.Nd4 Nb6 19.Ba2 Rc8 20.f4 Ng6 21.Rxc8 Rxc8 22.f5 exf5
23.Nxf5 Be5 24.Nf3 Nc4 25.Nxe5 Ncxe5 26.Nxg7 Kxg7 27.Rxf7+ Kh8 28.Qh5 Rc1+
29.Kh2 Qg8 30.Bxe5+  1-0

[Event "Verbandsliga Nord Baden"]
[Site "Germany"]
[Date "1992.??.??"]
[Round "?"]
[White "Fronczek, Heinrich"]
[Black "Mandl, Rudolf"]
[Result "0-1"]
[WhiteElo "2260"]
[BlackElo "2275"]

1.d4 d5 2.c4 dxc4 3.Nf3 Nf6 4.e3 c5 5.Bxc4 e6 6.O-O a6 7.a4 cxd4 8.exd4 Nc6
9.Nc3 Be7 10.Bg5 O-O 11.Re1 Nb4 12.Qe2 Re8 13.Rad1 Nfd5 14.Bxe7 Rxe7 15.Ne5 Rc7
16.Nxd5 exd5 17.Bd3 Be6 18.Bb1 Rac8 19.Nd3 Nxd3 20.Qxd3 g6 21.Qg3 Qf6 22.h4 Rc4
23.h5 Kg7 24.Qe3 Rxa4 25.h6+ Kf8 26.b3 Rb4 27.Qg3 Rxd4 28.Qd6+ Kg8 29.Rc1 Rf8
30.Rc7 Rh4 31.Rxb7 Rxh6 32.g3 Qf3  0-1

[Event "BL2-W9192"]
[Site "Germany"]
[Date "1992.??.??"]
[Round "?"]
[White "Wesseln, Kai"]
[Black "Nowicki, Eva"]
[Result "1/2-1/2"]
[WhiteElo "2330"]
[BlackElo "2165"]

1.d4 d5 2.c4 dxc4 3.Nf3 Nf6 4.e3 e6 5.Bxc4 c5 6.O-O a6 7.Qe2 Nc6 8.Rd1 Qc7
9.a3 b5 10.Ba2 Bb7 11.Nbd2 cxd4 12.exd4 Be7 13.Nf1 O-O 14.Bg5 Nd5 15.Bxd5 exd5
16.Bxe7 Qxe7 17.Qxe7 Nxe7 18.Ne3 Rac8 19.Rac1 Rxc1 20.Rxc1 Rc8 21.Rc5 f6
22.Kf1 Kf7 23.Ke2 Ke6 24.Kd3 Kd6 25.b4 Bc6 26.Nd2 Bd7 27.Nb3 Be6 28.Na5 Rc7
29.Nb3 Nc6 30.Nd2 Rb7 31.Nb1 Ne7 32.Nc3 Rb8 33.Ne2 Ra8 34.Kc3 Bf7 35.Ng3 Kd7
36.Ngf5 Nxf5 37.Nxf5 g6 38.Ne3 Kd6 39.Kd2 Be6 40.Kd3 Ra7 41.Kc3 Rb7 42.Nd1 Bd7
43.Kd2 Bc6 44.Ne3 Re7 45.f3 Re8 46.Ng4 Re6 47.Nf2 Re8 48.Rc3 Re7 49.Re3 Rxe3
50.Kxe3 Bd7 51.Nd3 Bc8 52.Nc5 Kc6 53.h4 Kd6 54.Kf4 h6 55.g4 g5+ 56.Kg3 Ke7
57.f4 Kf7 58.Nd3 Kg6 59.fxg5 fxg5 60.Ne5+ Kf6 61.h5 Ke6 62.Nd3 Kf6 63.Nc5 Ke7
64.a4 Kd6 65.axb5 axb5 66.Nd3 Ke6 67.Ne5 Kf6 68.Nc6 Ke6 69.Ne5 Kf6 70.Nf3  1/2-1/2

[Event "BL2-S9192"]
[Site "Germany"]
[Date "1992.??.??"]
[Round "?"]
[White "Ostl, Andreas"]
[Black "Gabriel, Christian"]
[Result "0-1"]
[WhiteElo "2340"]
[BlackElo "2360"]

1.Nf3 d5 2.d4 Nf6 3.c4 dxc4 4.e3 e6 5.Bxc4 c5 6.O-O a6 7.a4 Nc6 8.Nc3 Qc7
9.Qe2 Be7 10.d5 exd5 11.Nxd5 Nxd5 12.Bxd5 O-O 13.Bd2 Qd6 14.Bc4 Bg4 15.Bc3 Qg6
16.Rfd1 Rad8 17.Kh1 Bf5 18.Bd5 Be4 19.Bxe4 Qxe4 20.Nd2 Qe6 21.a5 Rd5 22.Nc4 Rfd8
23.Rxd5 Rxd5 24.b3 Bf6 25.Bxf6 Qxf6 26.Rc1 Qd8 27.Ra1 Rd3 28.h3 Rxb3 29.Rd1 Qc7
30.Qg4 g6 31.Qe4 Qe7 32.Qc2 Rb4 33.Nb6 Qe4 34.Qxc5 Rb5 35.Qd6 Rxa5 36.Nd7 Qe7
37.Qc7 Rb5 38.e4 Kg7 39.f4 Qxe4 40.Qc8 Qe7  0-1

[Event "BL2-N9192"]
[Site "Germany"]
[Date "1992.??.??"]
[Round "?"]
[White "Gauglitz, Gernot"]
[Black "Federau, Juergen"]
[Result "1-0"]
[WhiteElo "2430"]
[BlackElo "2315"]

1.d4 d5 2.c4 dxc4 3.Nf3 Nf6 4.e3 e6 5.Bxc4 c5 6.O-O a6 7.Qe2 b5 8.Bd3 Nc6
9.a4 b4 10.dxc5 Bxc5 11.b3 Bb7 12.Bb2 O-O 13.Nbd2 Qe7 14.Rac1 Bb6 15.Rc4 a5
16.Ne4 Nxe4 17.Bxe4 Nd8 18.Bxb7 Nxb7 19.Rfc1 Bc5 20.Ne5 f6 21.Nc6 Qd6 22.Qf3 Bb6
23.Rd1 Qc7 24.Ne5 Nc5 25.Nd7  1-0

[Event "GER-ch qual"]
[Site "Gladenbach"]
[Date "1992.??.??"]
[Round "5"]
[White "Gutman, Lev"]
[Black "Raupp, Thomas"]
[Result "1/2-1/2"]
[WhiteElo "2445"]
[BlackElo "2315"]

1.d4 d5 2.c4 dxc4 3.e3 c5 4.Bxc4 e6 5.Nf3 Nf6 6.O-O a6 7.dxc5 Qxd1 8.Rxd1 Bxc5
9.a3 b6 10.b4 Be7 11.Bb2 O-O 12.Nbd2 Bb7 13.Be2 Nbd7 14.Nc4 b5 15.Na5 Bd5
16.Nd4 Rac8 17.Rac1 Nb8 18.Bf3 Bxf3 19.Nxf3 Rfd8 20.Rxd8+ Rxd8 21.Kf1 Nd5
22.Nb7 Re8 23.Bd4 Bf8 24.e4 Ne7 25.Rc7 Rc8 26.Bb6 Rxc7 27.Bxc7 Nec6 28.Bxb8 Nxb8
29.Nd4 e5 30.Nf5 f6 31.Ke2 Kf7 32.Nd8+ Ke8 33.Ne6 g6 34.Ne3 Bd6 35.Nd5 Kf7
36.Nd8+ Ke8 37.Nb7 Be7 38.g3 Kf7 39.Nc7 f5 40.Ke3 Bf8 41.f4 exf4+ 42.gxf4 fxe4
43.Kxe4 Bg7 44.Nc5 Bb2  1/2-1/2

[Event "Helsinki op"]
[Site "Helsinki"]
[Date "1992.??.??"]
[Round "5"]
[White "Vladimirov, Evgeny"]
[Black "Magerramov, Elmar"]
[Result "1/2-1/2"]
[WhiteElo "2585"]
[BlackElo "2565"]

1.d4 d5 2.c4 c6 3.Nf3 Nf6 4.e3 e6 5.Bd3 dxc4 6.Bxc4 c5 7.O-O a6 8.a4 Nc6
9.Qe2 Qc7 10.Nc3 Bd6 11.Rd1 O-O 12.h3 b6 13.d5 exd5 14.Bxd5 Bb7 15.e4 Rae8
16.Be3 Bf4 17.Bxf4 Qxf4 18.Bxc6 Bxc6 19.Qxa6 Nxe4 20.Nd5 Qf5 21.Qc4 Re6 22.Ra3 Nd6
23.Ne7+ Rxe7 24.Rxd6 Bxf3 25.Rxf3 Qb1+ 26.Kh2 Qxb2 27.Qd5 g6 28.Rff6 Rb8
29.Rxb6 Rxb6 30.Qd8+ Kg7 31.Rxb6 Qe5+ 32.g3 Re8 33.Qd2 Qa1 34.a5 Re1 35.Qb2+ Qxb2  1/2-1/2

[Event "HUN-ch"]
[Site "?"]
[Date "1992.??.??"]
[Round "2"]
[White "Horvath, Csaba"]
[Black "Kallai, Gabor"]
[Result "1-0"]
[WhiteElo "2515"]
[BlackElo "2455"]

1.d4 d5 2.c4 dxc4 3.e3 e6 4.Bxc4 c5 5.Nf3 Nf6 6.Qe2 cxd4 7.exd4 Nc6 8.O-O Be7
9.Rd1 a6 10.Nc3 Nb4 11.Ne5 b5 12.Bb3 O-O 13.a3 Nbd5 14.Nxd5 Nxd5 15.Nc6 Qe8
16.Bxd5 exd5 17.Nxe7+ Kh8 18.Bd2 a5 19.Rac1  1-0

[Event "HUN-chT"]
[Site "HUN"]
[Date "1992.??.??"]
[Round "?"]
[White "Farago, Ivan"]
[Black "Meszaros, Andras"]
[Result "1-0"]
[WhiteElo "2520"]
[BlackElo "2310"]

1.d4 d5 2.c4 dxc4 3.Nf3 Nf6 4.e3 e6 5.Bxc4 c5 6.Qe2 Nc6 7.O-O a6 8.Rd1 Qc7
9.a4 Bd6 10.dxc5 Bxc5 11.b3 Bd7 12.Bb2 O-O-O 13.Rc1 Bd6 14.Na3 Kb8 15.b4 Bxb4
16.Bxa6 bxa6 17.Be5 Nxe5 18.Rxc7 Nxf3+ 19.gxf3 Kxc7 20.Qc4+ Bc6 21.Rc1 Rd6
22.Qxb4 Rc8 23.Nc4 Rd5 24.e4 Rb8 25.Qe7+ Rd7 26.Qc5 Rb3  1-0

[Event "HUN-chT"]
[Site "HUN"]
[Date "1992.??.??"]
[Round "1"]
[White "Lukacs, Peter"]
[Black "Kallai, Gabor"]
[Result "1/2-1/2"]
[WhiteElo "2495"]
[BlackElo "2455"]

1.d4 d5 2.c4 dxc4 3.e3 Nf6 4.Bxc4 e6 5.Nf3 c5 6.O-O a6 7.Bd3 Nc6 8.Nc3 Qc7
9.a3 b5 10.dxc5 Bxc5 11.b4 Be7 12.Bb2 O-O 13.Ne4 Nd7 14.Rc1 Bb7 15.Nd4 Rfc8
16.Bb1 Qd8 17.Nxc6 Rxc6 18.Qg4 Qf8 19.Rxc6 Bxc6 20.Ng5 Bxg5 21.Qxg5 Nb6 22.Bd3  1/2-1/2

[Event "HUN-chT"]
[Site "HUN"]
[Date "1992.??.??"]
[Round "1"]
[White "Meszaros, Andras"]
[Black "Kallai, Gabor"]
[Result "0-1"]
[WhiteElo "2310"]
[BlackElo "2455"]

1.d4 d5 2.Nf3 Nf6 3.c4 dxc4 4.e3 c5 5.Bxc4 e6 6.O-O a6 7.Qe2 b5 8.Bd3 cxd4
9.exd4 Be7 10.a4 bxa4 11.Rxa4 O-O 12.Nc3 Bb7 13.Re1 a5 14.Bg5 Nc6 15.d5 Nb4
16.Bb1 Nbxd5 17.Rh4 g6 18.Rh3 Ba6 19.Qe5 Nxc3 20.bxc3 Rc8 21.Qf4 Rxc3 22.Bxf6 Bxf6
23.Qh6 Re8 24.Qxh7+ Kf8 25.Ng5 Qd7 26.Qh6+ Bg7 27.Nh7+ Kg8 28.Rxc3 Bxc3 29.h4 Bg7
30.h5 Bxh6 31.Nf6+ Kg7 32.Nxd7 gxh5  0-1

[Event "HUN-chT"]
[Site "HUN"]
[Date "1992.??.??"]
[Round "1"]
[White "Bilek, Istvan"]
[Black "Istvandi, Lajos"]
[Result "1/2-1/2"]
[WhiteElo "2345"]
[BlackElo "2390"]

1.d4 d5 2.c4 dxc4 3.Nf3 e6 4.e3 Nf6 5.Bxc4 c5 6.dxc5 Qxd1+ 7.Kxd1 Bxc5 8.Ke2 Ke7
9.a3 a6 10.b4 Bd6 11.Bb2 b5 12.Bd3 Bb7 13.Nbd2 Rc8 14.Rhc1 Nbd7 15.Rxc8 Rxc8
16.Rc1 Rxc1 17.Bxc1  1/2-1/2

[Event "HUN-chT"]
[Site "HUN"]
[Date "1992.??.??"]
[Round "11"]
[White "Bernei, Andras"]
[Black "Sapi, Laszlo"]
[Result "1/2-1/2"]
[WhiteElo "2335"]
[BlackElo "2305"]

1.Nf3 d5 2.d4 Nf6 3.c4 dxc4 4.e3 e6 5.Bxc4 c5 6.O-O a6 7.Bd3 Nc6 8.Nc3 Qc7
9.a3 Bd7 10.h3 Rd8 11.Qe2 Be7 12.dxc5 Bxc5 13.b4 Be7 14.Bb2 O-O 15.Rac1 Qb8
16.Rfd1 Bd6 17.Ne4 Nxe4 18.Bxe4 f5 19.Bb1 h6 20.Ba2 Kh7 21.Rd2 Be7 22.Rcd1 Bc8
23.Rxd8 Rxd8 24.Rxd8 Bxd8 25.e4 Qf4 26.exf5 Qxf5 27.Bc4 Kg8 28.g4 Qf7 29.Ne5  1/2-1/2

[Event "Katowice op"]
[Site "Katowice"]
[Date "1992.??.??"]
[Round "2"]
[White "Bykhovsky, Avigdor"]
[Black "Twardon, Marian"]
[Result "1/2-1/2"]
[WhiteElo "2475"]
[BlackElo "2345"]

1.d4 d5 2.c4 dxc4 3.e3 Nf6 4.Bxc4 e6 5.Nf3 c5 6.O-O a6 7.a4 Nc6 8.Qe2 cxd4
9.Rd1 Be7 10.exd4 O-O 11.Nc3 Nd5 12.Ne5 Nxc3 13.bxc3 Nxe5 14.dxe5 Qc7 15.Bd3 Bd7
16.Qe4 g6 17.Bh6 Rfd8 18.c4 Bc6 19.Qf4 Rd7 20.Bg5 Bxg5 21.Qxg5 Rad8 22.Qe3 Qa5
23.Bc2 Rxd1+ 24.Bxd1 Bxa4 25.Bf3 Qb4 26.h4 Qxc4 27.Qg5 Rd4 28.Rc1 Bc2 29.h5 Qd3
30.Qe7 Qd2 31.Qe8+ Kg7 32.h6+ Kxh6 33.Qf8+ Kg5 34.Qe7+ Kh6 35.Qf8+ Kg5  1/2-1/2

[Event "Ladenburg BM"]
[Site "Ladenburg"]
[Date "1992.??.??"]
[Round "8"]
[White "Jaeschke, Benno"]
[Black "Raupp, Thomas"]
[Result "1/2-1/2"]
[WhiteElo "2235"]
[BlackElo "2345"]

1.d4 d5 2.c4 dxc4 3.Nf3 Nf6 4.e3 e6 5.Bxc4 c5 6.O-O a6 7.Qe2 b5 8.Bb3 Bb7
9.Rd1 Nbd7 10.a4 Qb6 11.Bc2 Be7 12.axb5  1/2-1/2

[Event "Leeuwarden op"]
[Site "Leeuwarden"]
[Date "1992.??.??"]
[Round "6"]
[White "Yakovich, Yuri"]
[Black "Gelpke, Peter"]
[Result "1-0"]
[WhiteElo "2520"]
[BlackElo "2405"]

1.d4 d5 2.c4 dxc4 3.e3 Nf6 4.Bxc4 e6 5.Nf3 c5 6.Qe2 a6 7.dxc5 Bxc5 8.O-O Nc6
9.e4 Ng4 10.Bf4 e5 11.Bg5 Qd6 12.h3 h5 13.Bh4 Nf6 14.Rd1 Nd4 15.Nxd4 Bxd4
16.Nd2 b5 17.Bb3 g5 18.Bg3 g4 19.Bd5 Nxd5 20.Nb3 Nf4 21.Bxf4 exf4 22.Rxd4 Qg6
23.hxg4 Bxg4 24.f3 Bh3 25.Rf1 Rg8 26.Rf2 Rc8 27.Qd2 Qg5 28.Rd5 Qh4 29.Nd4 Kf8
30.Ne2 Be6 31.Rd6 Bxa2 32.Nxf4 a5 33.Ne2 a4 34.Rh6 Qe7 35.Rd6 Rh8 36.Rh6 Rg8
37.Nc3 Bc4 38.Rxh5 b4 39.Nxa4 Rd8 40.Qh6+  1-0

[Event "Manila ol (Men)"]
[Site "Manila"]
[Date "1992.??.??"]
[Round "?"]
[White "Gausel, Einar"]
[Black "Sisniega, Marcel"]
[Result "1-0"]
[WhiteElo "2445"]
[BlackElo "2525"]

1.d4 d5 2.c4 dxc4 3.Nf3 Nf6 4.e3 c5 5.Bxc4 e6 6.O-O a6 7.Bd3 Nbd7 8.a4 b6
9.Nc3 Bb7 10.Qe2 Be7 11.Rd1 O-O 12.Bd2 Nd5 13.Nxd5 exd5 14.dxc5 Nxc5 15.Bc2 Bf6
16.Bb4 Re8 17.Nd4 g6 18.Bc3 Rc8 19.Ra3 Ne6 20.Nxe6 fxe6 21.Bxf6 Qxf6 22.Bd3 a5
23.Rb3 e5 24.Rf1 d4 25.Ba6 Bxa6 26.Qxa6 Rc6 27.h3 Rd8 28.exd4 exd4 29.Rd1 Rdc8
30.Rxb6 Rxb6 31.Qxc8+ Kg7 32.Qc7+ Kf8 33.Qc8+ Kg7 34.Qd7+ Kf8 35.Re1  1-0

[Event "Manila ol (Women)"]
[Site "Manila"]
[Date "1992.??.??"]
[Round "?"]
[White "Kadimova, Ilaha"]
[Black "Nutu Gajic, Dana"]
[Result "1/2-1/2"]
[WhiteElo "2265"]
[BlackElo "2325"]

1.d4 d5 2.c4 dxc4 3.Nf3 Nf6 4.e3 e6 5.Bxc4 c5 6.O-O a6 7.a4 Nc6 8.Qe2 Qc7
9.Nc3 Bd6 10.Rd1 O-O 11.h3 b6 12.dxc5 Bxc5 13.e4 Nd7 14.Bg5 Nde5 15.Nxe5 Qxe5
16.Bh4 Nd4 17.Qg4 f6 18.Rac1 a5 19.Rd3 h5 20.Qd1 Rd8 21.Qd2 Ra7 22.Rd1 Rad7
23.Kh1 Nb3 24.Qe2 Rxd3 25.Rxd3 Rxd3 26.Qxd3 Qd4 27.Qe2 Nd2 28.Bd3 Nb3 29.Bc2 Na1
30.Qxh5 Bd7  1/2-1/2